<?xml version="1.0" encoding="UTF-8"?><?xml-stylesheet type="text/xsl" href="static/style.xsl"?><OAI-PMH xmlns="http://www.openarchives.org/OAI/2.0/" xmlns:xsi="http://www.w3.org/2001/XMLSchema-instance" xsi:schemaLocation="http://www.openarchives.org/OAI/2.0/ http://www.openarchives.org/OAI/2.0/OAI-PMH.xsd"><responseDate>2026-04-19T11:34:23Z</responseDate><request verb="GetRecord" identifier="oai:www.recercat.cat:2072/441521" metadataPrefix="marc">https://recercat.cat/oai/request</request><GetRecord><record><header><identifier>oai:recercat.cat:2072/441521</identifier><datestamp>2025-05-08T09:27:18Z</datestamp><setSpec>com_2072_98</setSpec><setSpec>col_2072_378192</setSpec></header><metadata><record xmlns="http://www.loc.gov/MARC21/slim" xmlns:dcterms="http://purl.org/dc/terms/" xmlns:xsi="http://www.w3.org/2001/XMLSchema-instance" xmlns:doc="http://www.lyncode.com/xoai" xsi:schemaLocation="http://www.loc.gov/MARC21/slim http://www.loc.gov/standards/marcxml/schema/MARC21slim.xsd">
   <leader>00925njm 22002777a 4500</leader>
   <datafield ind2=" " ind1=" " tag="042">
      <subfield code="a">dc</subfield>
   </datafield>
   <datafield ind2=" " ind1=" " tag="720">
      <subfield code="a">Brasó i Rius, Jordi</subfield>
      <subfield code="e">author</subfield>
   </datafield>
   <datafield ind2=" " ind1=" " tag="720">
      <subfield code="a">Torrebadella Flix, Xavier</subfield>
      <subfield code="e">author</subfield>
   </datafield>
   <datafield ind2=" " ind1=" " tag="260">
      <subfield code="c">2019</subfield>
   </datafield>
   <datafield ind2=" " ind1=" " tag="520">
      <subfield code="a">La recuperación de la memoria histórica tiene que ser en la sociedad del siglo xxi una prioridad si no se quiere perder la identidad. En esta línea, el objeto de estudio del presente trabajo es el juego popular de las cuatro esquinas. Concretamente se pretende mantener viva esta actividad lúdica y que queda borrada en las mentes de la juventud. Para ello, y a partir de una metodología centrada en el análisis de las principales obras escritas, en torno al siglo xix e inicios del xx se asientan las bases para proponer modificaciones. A partir de aquí, y como resultado, se proponen 30 variantes del juego.La finalidad es ofrecer un ejemplo de las múltiples opciones, en este caso de las cuatro esquinas, para mantener viva la llama de la tradición, aunque adaptándola a la actualidad. Palabras clave: cuatro esquinas; educación; escuela; folklore; juego.</subfield>
   </datafield>
   <datafield ind2="0" ind1="0" tag="245">
      <subfield code="a">El juego popular de las Cuatro esquinas: 30 variantes para recuperar su uso en la educación del siglo XXI</subfield>
   </datafield>
</record></metadata></record></GetRecord></OAI-PMH>